<?xml version="1.0" encoding="UTF-8"?>
<marc:record xmlns:marc="http://www.loc.gov/MARC21/slim">
   <marc:leader>00000nam a2200000 a 4500</marc:leader>
   <marc:datafield ind1="1" ind2=" " tag="100">
      <marc:subfield code="a">Leupold, Dagmar</marc:subfield>
      <marc:subfield code="4">aut</marc:subfield>
      <marc:subfield code="e">Verfasser/-in</marc:subfield>
   </marc:datafield>
   <marc:datafield ind1=" " ind2=" " tag="653">
      <marc:subfield code="a">Softcover / Belletristik/Gegenwartsliteratur (ab 1945)</marc:subfield>
   </marc:datafield>
   <marc:datafield ind1=" " ind2=" " tag="653">
      <marc:subfield code="a">Erzählende Literatur: Gegenwartsliteratur ab 1945</marc:subfield>
   </marc:datafield>
   <marc:datafield ind1="0" ind2="0" tag="245">
      <marc:subfield code="a">Unter der Hand</marc:subfield>
   </marc:datafield>
   <marc:datafield ind1="0" ind2="0" tag="245">
      <marc:subfield code="b">Roman</marc:subfield>
   </marc:datafield>
   <marc:datafield ind1="0" ind2="0" tag="245">
      <marc:subfield code="c">Dagmar Leupold</marc:subfield>
   </marc:datafield>
   <marc:datafield ind1=" " ind2="1" tag="264">
      <marc:subfield code="a">Salzburg</marc:subfield>
      <marc:subfield code="b">Jung und Jung</marc:subfield>
      <marc:subfield code="c">2013</marc:subfield>
   </marc:datafield>
   <marc:datafield ind1="1" ind2=" " tag="520">
      <marc:subfield code="a">Angaben aus der Verlagsmeldung

Unter der Hand : Roman / von Dagmar Leupold

Eine Geschichte vom schönen Glück erzählt Dagmar Leupold in ihrem neuen Roman. Er handelt von den hellen und den dunklen Seiten des Menschlichen und von einer seltsamen »Schwarzarbeit«: Ein italienischer Mäzen ermöglicht es einer Frau namens Minna, zu schreiben. Allerdings ist an seinen Auftrag eine ungewöhnliche Bedingung gebunden: Sie soll den Menschen Freude bringen.
Ist es ein Märchen, das hier erzählt wird, ist es die reine Wahrheit, ist es beides? Der Roman ist Literatur auf der Höhe ihrer Möglichkeiten: Raffiniert und doppelbödig werden hier Wirklichkeit und Erfindung ineinander gewoben. Als Minna einer alten, aus Ostpreußen stammenden Dame begegnet, beginnt sich ein Beziehungskarussell zu drehen, bei dem Vergangenheit und Gegenwart durcheinandergewirbelt scheinen und der Glanz früherer und ferner Zeiten sich ins heutige München mischt. Einmal mehr zeigt sich, dass das Leben ein Kreislauf aus Geburt und Tod ist. Als Frühchen ist Minna auf die Welt gekommen, und auch ihr Ende, ob wahr oder erfunden, lässt nicht allzu lange auf sich warten. In aller Abgründigkeit führt »Unter der Hand« nach Utopia und wieder zurück. An ein Ziel, das es wirklich gibt: Schwarzort.
</marc:subfield>
   </marc:datafield>
   <marc:datafield ind1=" " ind2=" " tag="020">
      <marc:subfield code="a">9783990270448</marc:subfield>
      <marc:subfield code="9">9783990270448</marc:subfield>
   </marc:datafield>
   <marc:datafield ind1=" " ind2=" " tag="041">
      <marc:subfield code="a">ger</marc:subfield>
   </marc:datafield>
   <marc:datafield ind1=" " ind2=" " tag="300">
      <marc:subfield code="a">293 S.</marc:subfield>
   </marc:datafield>
</marc:record>
